| 000 | 00786nam0a2200265 i 4500 | ||
|---|---|---|---|
| 001 | RU\NLR\BIBL_A\011202068 | ||
| 005 | 20240727040006.0 | ||
| 010 |
_a9785431300271 _91000 |
||
| 021 |
_aRU _b2016-62278 _93957 |
||
| 035 | _a(NLR Aleph) 011202068 | ||
| 090 |
_a11928439 _c11928439 |
||
| 100 | _a20160829d2012 u y0rusy50 ca | ||
| 101 | 0 | _arus | |
| 102 | _aRU | ||
| 105 | _ay z 000zy | ||
| 200 | 1 |
_aКнига видений _e[притчи] _fСергей Шаулов |
|
| 210 |
_aМосква _cИзд-во В. П. Антонов _d2012 |
||
| 215 |
_a118 с. _d20 |
||
| 686 | 2 | _aШ6(2=Р)8-440.6 | |
| 700 | 1 |
_aШаулов _bС. В. _gСергей Викторович |
|
| 942 | _cBOOK | ||
| 980 | _aNBR | ||